<?xml version="1.0" encoding="UTF-8"?>
<marc:record xmlns:marc="http://www.loc.gov/MARC21/slim">
   <marc:leader>00000nam a2200000 a 4500</marc:leader>
   <marc:datafield ind1="1" ind2=" " tag="100">
      <marc:subfield code="a">Lind, Hera</marc:subfield>
      <marc:subfield code="4">aut</marc:subfield>
      <marc:subfield code="e">Verfasser/-in</marc:subfield>
   </marc:datafield>
   <marc:datafield ind1="0" ind2="0" tag="245">
      <marc:subfield code="a">Verwechseljahre</marc:subfield>
   </marc:datafield>
   <marc:datafield ind1="0" ind2="0" tag="245">
      <marc:subfield code="b">Roman</marc:subfield>
   </marc:datafield>
   <marc:datafield ind1="0" ind2="0" tag="245">
      <marc:subfield code="c">Hera Lind</marc:subfield>
   </marc:datafield>
   <marc:datafield ind1=" " ind2="1" tag="264">
      <marc:subfield code="a">München</marc:subfield>
      <marc:subfield code="b">Diana</marc:subfield>
      <marc:subfield code="c">2013</marc:subfield>
   </marc:datafield>
   <marc:datafield ind1="1" ind2=" " tag="520">
      <marc:subfield code="a">Das halbe Leben ist vorbei höchste Zeit, endlich unvernünftig zu werden&lt;br/&gt;Drei Frauen in der Mitte des Lebens: Carin lebt allein und mag nicht ihren Nachbarn heiraten, nur weil ihre Mutter das prima fände. Sonja arbeitet hart an ihrer Traumfigur, doch ihre Tochter ist tausendmal schöner als sie. Billi, Hausfrau mit Mann und Kindern, die sie auffressen, nur nicht ihr Hüftgold, überlegt, noch den Doktor zu machen. Sie halten zusammen wie Pech und Schwefel bis ein junger Mann auftaucht, der das Leben der drei Frauen kräftig durcheinanderwirbelt und ihre Freundschaft auf eine harte Probe stellt.&lt;br/&gt;Carin, Sonja und Billi treffen sich regelmäßig im Fitnessstudio, wo sie eher Prosecco trinken als trainieren, und wissen alles voneinander. Sie unterstützen und trösten sich wie beste Freundinnen. Als Sonja einen hinreißend charmanten neuen Trainer einstellt, hat Carin bald einen schrecklichen Verdacht. Verblüfft muss sie mit ansehen, wie Roman sich in ihrer aller Leben drängt und wie sich ihre Freundinnen verändern. Schließlich kommen sie zusammen einem Geheimnis auf die Spur, das dem Leben der drei Frauen eine neue Richtung gibt.&lt;br/&gt;</marc:subfield>
   </marc:datafield>
   <marc:datafield ind1=" " ind2=" " tag="020">
      <marc:subfield code="a">9783453291218</marc:subfield>
      <marc:subfield code="9">9783453291218</marc:subfield>
   </marc:datafield>
   <marc:datafield ind1=" " ind2=" " tag="041">
      <marc:subfield code="a">ger</marc:subfield>
   </marc:datafield>
   <marc:datafield ind1="1" ind2=" " tag="521">
      <marc:subfield code="a">0</marc:subfield>
   </marc:datafield>
   <marc:datafield ind1=" " ind2=" " tag="300">
      <marc:subfield code="a">383 S.</marc:subfield>
   </marc:datafield>
</marc:record>
